00588nam a2200169 a 450000500170000000800410001702000180005805000220007610000250009824500430012326000350016630000340020144000310023565000200026699900190028695201130030520140412111430.0110218s19uu xx 00 eng d a9780545000932 aTR(PS EbOu2 2008 aWilhelm, Hans, 1945- aOuch! : it hurts!. /cby Hans Wilhelm. aNew York :bScholastic,c2008. a1 v. (unpaged) : col. ill. 24 aScholastic reader. Level 1 aDogs --Fiction. c106351d106351 00104050aELbELcTRd2011-02-18g125.00l0oTR(PS E Ou2 2008pE11617r2014-04-12 00:00:00w2014-04-12yBK